000
00319 a2200109 4500
001
ART_35051
005
20260410161941.0
008
260409a
245
1
0
_a
La titularidad del derecho de huelga
100
1
_a
Cremonte, Matías
773
0
_t
Temas de derecho laboral
_g
- Nº 11 (nov. 2015)
_w
REV27619
999
_c
29553
_d
29553